Central Library and Information Centre
Sibsagar Girls' College, Sivasagar : Assam

INTERNATIONAL ECONOMICS : THEORY AND POLICY (Record no. 17628)

MARC details
000 -LEADER
fixed length control field 00467cam a2200193ua 4500
008 - FIXED-LENGTH DATA ELEMENTS--GENERAL INFORMATION
fixed length control field 060101n2011 II |||gr||||Z||||||eng
040 ## - CATALOGING SOURCE
Original cataloging agency MAIN
041 ## - LANGUAGE CODE
-- English
082 ## - DEWEY DECIMAL CLASSIFICATION NUMBER
Classification number 337 KRU
100 ## - MAIN ENTRY--PERSONAL NAME
Personal name KRUGMAN, P.R.
245 ## - TITLE STATEMENT
Title INTERNATIONAL ECONOMICS : THEORY AND POLICY
250 ## - EDITION STATEMENT
Edition statement 3RD.
260 ## - PUBLICATION, DISTRIBUTION, ETC.
Place of publication, distribution, etc. DELHI
Name of publisher, distributor, etc. PEARSON EDUCATION
Date of publication, distribution, etc. 2011
300 ## - PHYSICAL DESCRIPTION
Extent 706:
Dimensions 23CM.
700 ## - ADDED ENTRY--PERSONAL NAME
Personal name OBSTFELD, M.
942 ## - ADDED ENTRY ELEMENTS (KOHA)
Koha item type Books
653 ## - INDEX TERM--UNCONTROLLED
Uncontrolled term International economics
Holdings
Withdrawn status Lost status Damaged status Not for loan Collection code Home library Current library Shelving location Date acquired Full call number Barcode Date last seen Copy number Price effective from Koha item type Public note
        TBECO Central Library and Information Centre Sibsagar Girls College Central Library and Information Centre Sibsagar Girls College ECONOMICS BOOK RACK 22.09.2011 337 KRU 26966 27.02.2020 1 27.02.2020 Books V


Sibsagar Girl's College © 2020. All rights reserved.
Powered by Koha.
Maintained by Abhijit Borpuzari.